000 01055cam a22003131 4500
999 _c7346
_d7346
001 6111973
003 GBCCL
005 20241126110625.0
008 750708s1964 nyu 000 1 eng
010 _a 64013738
035 _a(OCoLC)1434806
040 _aDLC
_cFO
_dOCoLC
_dDLC
050 0 0 _aPZ3.B6296
_bMan
_aPS3503.L984
082 _a813.54
_bBLY
100 1 _aBlythe, LeGette,
_d1900-1993.
_912995
245 1 0 _aMan on fire;
_ba novel of the life of St. Paul.
260 _aNew York,
_bFunk & Wagnalls
_c[1964]
300 _aviii, 376 p.
_c22 cm.
600 0 0 _aPaul,
_cthe Apostle, Saint
_xFiction
_98134
630 0 0 _aBible.
_pNew Testament
_xHistory of Biblical events
_xFiction.
_9253
650 0 _aChurch history
_yPrimitive and early church, ca. 30-600
_xFiction.
_98135
650 0 _aChristian saints
_xFiction.
_9254
650 0 _aApostles
_xFiction.
_9255
655 7 _aBiographical fiction.
_2gsafd
_9257
655 7 _aChristian fiction.
_2gsafd
_9256
906 _a7
_bcbc
_coclcrpl
_du
_encip
_f19
_gy-gencatlg
942 _2ddc
_cBK